Geographie nach Buchstaben - O - Statistiken

Allgemein
  • Dieses Quiz wurde 452 mal gespielt
  • Das Durchschnittsergebnis liegt bei 14 aus 20
Antwortstatistiken
Hinweis Antwort % Korrekt
Hauptstadt von Norwegen Oslo
98%
Hauptstadt von Kanada Ottawa
97%
Das berühmteste Bierfest der Welt Oktoberfest
96%
Älteste Universität in England Oxford
96%
Jemens Nachbar Oman
95%
Kleine fruchtbare "Insel" in einer Wüste Oase
90%
Ein Teil dieses Flusses ist Polens Grenze Oder
88%
Das türkische Reich löste sich nach dem Ersten Weltkrieg auf Osmanisches
88%
Großer Affe von Borneo und Sumatra Orang-Utans
83%
Bergheimat der griechischen Götter Olymp
81%
Die abgelegenen Regionen Australien Das {Outback}
80%
US-Bundesstaat an der Pazifikküste Oregon
74%
Japans zweitgrößte Metropolregion Osaka
68%
Stadt in der Nähe von Frankfurt {Offenbach} am Main
60%
Drittgrößte Stadt der Ukraine Odessa
58%
Das Stadion von Manchester United Old Trafford
57%
Bevölkerungsreichste Provinz in Kanada Ontario
57%
Das regierende Königshaus der Niederlande {Oranien}-Nassau
33%
Honolulus Insel Oahu
32%
Größte Stadt in Nordfinnland an der Ostsee (4 Buchstaben) Oulu
19%
Keine übereinstimmenden Quizze gefunden
Verteilung der Resultate
Anzahl Personen mit jedem Resultat
Perzentil nach korrekt beantworteten Fragen
Ihre Resultats-Entwicklung
Sie haben dieses Quiz noch nicht gespielt